| 000 | 00721nam a22001937a 4500 | ||
|---|---|---|---|
| 005 | 20251030155619.0 | ||
| 008 | 251028b |||||||| |||| 00| 0 eng d | ||
| 020 | _a9786214184064 | ||
| 082 | _aDFil 658.4001 M873 2025 | ||
| 100 |
_aMoyao, Warren Galas. _eauthor. _952462 |
||
| 245 |
_aLeading with purpose : _bcrafting your leadership philosophy / _cWarren Galas Moyao and Norman Biagcong Bustillo. |
||
| 260 |
_aQuezon City : _bWiseman's Books Trading, Inc., _c©2025. |
||
| 300 |
_avi, 151 pages : _billustrations ; _c21 cm. |
||
| 500 | _aIncludes references. | ||
| 650 | 0 |
_aLeadership. _969075 |
|
| 650 | 0 |
_aLeadership _vPhilosophy. _969076 |
|
| 700 |
_aBustillo, Norman Biagcong. _969003 _eauthor. |
||
| 942 |
_2ddc _cDC |
||
| 999 |
_c24107 _d24107 |
||